[Event "3rd Memory of Nebesna Sotnya-2016 B"]
[Site "Lutsk, Volyn region"]
[Date "2016.02.19"]
[Round "1.1"]
[White "Onischuk, Vladimir"]
[Black "Shpanko, Nadiia"]
[Result "1/2-1/2"]
[WhiteElo "2728"]
[BlackElo "1914"]
[PlyCount "91"]
[EventDate "2016.02.19"]
[EventType "swiss (blitz)"]
[EventRounds "22"]
[EventCountry "UKR"]

1. e4 e6 2. d4 d5 3. Bd3 c5 4. exd5 Qxd5 5. Nc3 Qd8 6. Bf4 a6 7. dxc5 Bxc5 8.
Qf3 Nf6 9. O-O-O Qe7 10. g4 Nc6 11. g5 Nd7 12. Ne4 Nce5 13. Qg3 Nxd3+ 14. Rxd3
e5 15. Be3 Bxe3+ 16. fxe3 O-O 17. Nf3 Kh8 18. Rhd1 b5 19. h4 f5 20. gxf6 Nxf6
21. Nxf6 gxf6 22. e4 Be6 23. h5 Rad8 24. h6 Rxd3 25. Rxd3 Rg8 26. Qh4 Bc4 27.
Rd7 Qe6 28. Rb7 Be2 29. Ne1 f5 30. Re7 Qb6 31. Kb1 fxe4 32. b3 Rd8 33. Kb2 Qd4+
34. c3 Qd6 35. Qg5 Qd2+ 36. Qxd2 Rxd2+ 37. Nc2 Kg8 38. Kc1 Rd1+ 39. Kb2 Rd2 40.
Rg7+ Kf8 41. Kc1 Rd1+ 42. Kb2 Rd2 43. Rg2 e3 44. Kc1 Rd1+ 45. Kb2 Rd2 46. Kc1
1/2-1/2

[Event "3rd Memory of Nebesna Sotnya-2016 B"]
[Site "Lutsk, Volyn region"]
[Date "2016.02.19"]
[Round "1.2"]
[White "Zatyrka, Maxim"]
[Black "Bogdanovich, Stanislav"]
[Result "1-0"]
[WhiteElo "1914"]
[BlackElo "2727"]
[PlyCount "57"]
[EventDate "2016.02.19"]
[EventType "swiss (blitz)"]
[EventRounds "22"]
[EventCountry "UKR"]

1. d4 d5 2. c4 c6 3. Nc3 Nf6 4. Nf3 e6 5. Bg5 h6 6. Bh4 dxc4 7. a4 Bb4 8. e3
Qa5 9. Rc1 Nd5 10. Qc2 b5 11. e4 Nxc3 12. bxc3 Ba3 13. Ra1 Bd6 14. e5 Bf8 15.
Nd2 Bb7 16. Be2 Nd7 17. O-O Qc7 18. f4 Nb6 19. a5 Nd5 20. f5 exf5 21. Qxf5 Ne3
22. Qh5 c5 23. e6 Nxf1 24. Rxf1 g6 25. exf7+ Kd7 26. Bg4+ Kd6 27. Qe5+ Kc6 28.
Bf3+ Kd7 29. Qf6 1-0

[Event "3rd Memory of Nebesna Sotnya-2016 B"]
[Site "Lutsk, Volyn region"]
[Date "2016.02.19"]
[Round "1.3"]
[White "Kuzubov, Yuriy"]
[Black "Vershigora, Yury"]
[Result "1-0"]
[WhiteElo "2712"]
[BlackElo "1912"]
[PlyCount "41"]
[EventDate "2016.02.19"]
[EventType "swiss (blitz)"]
[EventRounds "22"]
[EventCountry "UKR"]

1. d4 Nf6 2. c4 d5 3. cxd5 Nxd5 4. e4 Nf6 5. Nc3 e6 6. Nf3 c5 7. Bf4 a6 8. d5
exd5 9. e5 Nh5 10. Bg5 f6 11. exf6 Nxf6 12. Bxf6 Qxf6 13. Nxd5 Qd6 14. Bc4 Be6
15. O-O b5 16. Re1 bxc4 17. Rxe6+ Qxe6 18. Nc7+ Kf7 19. Ng5+ Kf6 20. Ngxe6 Nc6
21. Qf3+ 1-0

[Event "3rd Memory of Nebesna Sotnya-2016 B"]
[Site "Lutsk, Volyn region"]
[Date "2016.02.19"]
[Round "1.4"]
[White "Kotovskyy, Viktor"]
[Black "Bortnyk, Mykola"]
[Result "0-1"]
[WhiteElo "1899"]
[BlackElo "2665"]
[PlyCount "74"]
[EventDate "2016.02.19"]
[EventType "swiss (blitz)"]
[EventRounds "22"]
[EventCountry "UKR"]

1. e4 Nf6 2. e5 Nd5 3. d4 d6 4. f4 dxe5 5. dxe5 Bf5 6. Bc4 e6 7. c3 Bc5 8. Nf3
O-O 9. Bxd5 exd5 10. Nd4 Be4 11. Qg4 Nc6 12. Be3 Bxd4 13. Bxd4 Nxd4 14. cxd4 c5
15. Nd2 cxd4 16. O-O Qa5 17. Nb3 Qb6 18. f5 Rac8 19. f6 d3+ 20. Kh1 Bg6 21. h4
Rc4 22. Rf4 h5 23. Qg5 Rxf4 24. Qxf4 gxf6 25. exf6 Re8 26. Nd4 Re4 27. Qb8+ Kh7
28. Nf3 Qxf6 29. Rf1 Rxh4+ 30. Kg1 Rg4 31. Qh2 Kg7 32. Ne5 Qb6+ 33. Kh1 Re4 34.
Nf3 Qxb2 35. Qd6 Qf6 36. Qxd5 Qf5 37. Nd2 Qxd5 0-1

[Event "3rd Memory of Nebesna Sotnya-2016 B"]
[Site "Lutsk, Volyn region"]
[Date "2016.02.19"]
[Round "1.5"]
[White "Budnikov, Oleg"]
[Black "Rudnev, Ivan"]
[Result "1-0"]
[WhiteElo "2509"]
[BlackElo "1894"]
[PlyCount "35"]
[EventDate "2016.02.19"]
[EventType "swiss (blitz)"]
[EventRounds "22"]
[EventCountry "UKR"]

1. e4 d6 2. d4 Nf6 3. Nc3 e5 4. Nf3 Nbd7 5. Be2 Be7 6. O-O O-O 7. Re1 c6 8. a4
a5 9. Bf1 Re8 10. h3 Bf8 11. Be3 Qc7 12. Qd2 g6 13. Rad1 Bg7 14. d5 Nb8 15.
dxc6 Nxc6 16. Qxd6 Qxd6 17. Rxd6 Nb4 18. Rd2 1-0

[Event "3rd Memory of Nebesna Sotnya-2016 B"]
[Site "Lutsk, Volyn region"]
[Date "2016.02.19"]
[Round "1.6"]
[White "Hrytsyuk, Maksym"]
[Black "Zubarev, Alexander"]
[Result "0-1"]
[WhiteElo "1879"]
[BlackElo "2470"]
[PlyCount "88"]
[EventDate "2016.02.19"]
[EventType "swiss (blitz)"]
[EventRounds "22"]
[EventCountry "UKR"]

1. f4 Nh6 2. Nf3 d5 3. e3 g6 4. Nc3 Bg7 5. b3 O-O 6. Bb2 c5 7. Be2 d4 8. exd4
cxd4 9. Na4 Nc6 10. Nc5 Bf5 11. Bd3 Nb4 12. Bxf5 Nxf5 13. Nd3 Nxd3+ 14. cxd3
Qd6 15. g3 h5 16. O-O Rfc8 17. Rc1 Qa6 18. Rxc8+ Rxc8 19. Qb1 Bf6 20. Re1 Qc6
21. Rc1 Qd7 22. Rxc8+ Qxc8 23. Qc1 Qxc1+ 24. Bxc1 Kf8 25. Kf2 Ke8 26. Bb2 Kd7
27. Ne1 Kc6 28. Nc2 a5 29. a3 Kd5 30. h3 b5 31. Kf3 Nd6 32. b4 a4 33. Ne1 Bg7
34. Ng2 Nf5 35. g4 hxg4+ 36. hxg4 Nd6 37. Nh4 Bf6 38. Ng2 e5 39. fxe5 Bxe5 40.
Nh4 Bf6 41. Ng2 Bg5 42. Bc1 f5 43. gxf5 gxf5 44. Ne1 Nf7 0-1

[Event "3rd Memory of Nebesna Sotnya-2016 B"]
[Site "Lutsk, Volyn region"]
[Date "2016.02.19"]
[Round "1.7"]
[White "Klymchuk, Andriy"]
[Black "Guzyo, Maksym"]
[Result "1-0"]
[WhiteElo "2468"]
[BlackElo "1874"]
[PlyCount "99"]
[EventDate "2016.02.19"]
[EventType "swiss (blitz)"]
[EventRounds "22"]
[EventCountry "UKR"]

1. g3 d5 2. Bg2 Nf6 3. Nf3 Nc6 4. d4 g6 5. O-O Bg7 6. c4 e6 7. Nc3 O-O 8. cxd5
Nxd5 9. e4 Nxc3 10. bxc3 Ne7 11. e5 Bd7 12. h4 Rb8 13. h5 Bc6 14. h6 Bh8 15.
Bg5 Qd7 16. Re1 Bd5 17. Nd2 Bxg2 18. Kxg2 Nd5 19. Ne4 f5 20. exf6 Nxf6 21. Bxf6
Bxf6 22. f4 b6 23. Qf3 Rbe8 24. Re2 Re7 25. Rae1 Bh8 26. Ng5 Rfe8 27. Kh2 Bf6
28. Ne4 Bh8 29. Qg4 Qd5 30. Ng5 Qf5 31. Qxf5 gxf5 32. Rxe6 Rxe6 33. Rxe6 Rxe6
34. Nxe6 c6 35. Nd8 c5 36. dxc5 bxc5 37. c4 Bf6 38. Ne6 Be7 39. Ng5 Kh8 40. Kh3
Kg8 41. g4 fxg4+ 42. Kxg4 Bf6 43. Kf5 Bc3 44. Ne6 Bb4 45. Kf6 Bc3+ 46. Ke7 Bd4
47. Nxd4 cxd4 48. f5 d3 49. f6 d2 50. f7+ 1-0

[Event "3rd Memory of Nebesna Sotnya-2016 B"]
[Site "Lutsk, Volyn region"]
[Date "2016.02.19"]
[Round "1.8"]
[White "Popov, Sergey A"]
[Black "Razin, Vadim"]
[Result "0-1"]
[WhiteElo "1863"]
[BlackElo "2461"]
[PlyCount "61"]
[EventDate "2016.02.19"]
[EventType "swiss (blitz)"]
[EventRounds "22"]
[EventCountry "UKR"]

1. c4 e6 2. Nc3 d5 3. g3 Nf6 4. Bg2 Be7 5. Nf3 O-O 6. cxd5 exd5 7. d4 c6 8. O-O
Bf5 9. Bf4 Nbd7 10. Rc1 h6 11. Re1 Re8 12. Ne5 Qb6 13. Qd2 Nxe5 14. Bxe5 Nd7
15. Bf4 Bf6 16. Be3 Qa6 17. h3 Nb6 18. b3 Be7 19. g4 Bg6 20. Bf4 Ba3 21. Rcd1
Bb4 22. Bf3 Nd7 23. Kg2 Be4 24. Rc1 Nf6 25. g5 hxg5 26. Bxg5 Nh7 27. Bf4 Rad8
28. Rg1 c5 29. Kh2 Bxf3 30. exf3 Nf8 31. Bh6 0-1

[Event "3rd Memory of Nebesna Sotnya-2016 B"]
[Site "Lutsk, Volyn region"]
[Date "2016.02.19"]
[Round "3.1"]
[White "Borsos, Bogdan"]
[Black "Kuzubov, Yuriy"]
[Result "1/2-1/2"]
[WhiteElo "2174"]
[BlackElo "2712"]
[PlyCount "94"]
[EventDate "2016.02.19"]
[EventType "swiss (blitz)"]
[EventRounds "22"]
[EventCountry "UKR"]

1. e4 c5 2. c3 d6 3. d4 Nf6 4. Bd3 g6 5. h3 Bg7 6. Nf3 O-O 7. O-O Qc7 8. Re1 e5
9. Na3 a6 10. Nc4 Nbd7 11. dxe5 dxe5 12. a4 b6 13. Bf1 Bb7 14. Qd6 Rfc8 15.
Qxc7 Rxc7 16. Nd6 Bf8 17. Nxb7 Rxb7 18. Bg5 Ne8 19. Red1 h6 20. Be3 Nd6 21. Nd2
Nf6 22. f3 h5 23. Nc4 Nxc4 24. Bxc4 Be7 25. Bg5 Raa7 26. Bxf6 Bxf6 27. Rd6 Kg7
28. Rad1 Be7 29. R6d5 b5 30. axb5 axb5 31. Bf1 Kf6 32. b4 cxb4 33. cxb4 Bxb4
34. Rxb5 Rxb5 35. Bxb5 Bc5+ 36. Kf1 h4 37. Rd7 Ra1+ 38. Ke2 Rg1 39. Bc4 Rxg2+
40. Kd3 Be7 41. f4 Rg3+ 42. Ke2 exf4 43. e5+ Kxe5 44. Rxe7+ Kd4 45. Rxf7 Kxc4
46. Rxf4+ Kd5 47. Rxh4 Ke6 1/2-1/2

[Event "3rd Memory of Nebesna Sotnya-2016 B"]
[Site "Lutsk, Volyn region"]
[Date "2016.02.19"]
[Round "3.2"]
[White "Bortnyk, Mykola"]
[Black "Terletsky, Oleg"]
[Result "1-0"]
[WhiteElo "2665"]
[BlackElo "2160"]
[PlyCount "47"]
[EventDate "2016.02.19"]
[EventType "swiss (blitz)"]
[EventRounds "22"]
[EventCountry "UKR"]

1. Nf3 Nf6 2. g3 g6 3. Bg2 Bg7 4. O-O O-O 5. c4 d6 6. Nc3 e5 7. d3 Nc6 8. Rb1
a5 9. a3 Bf5 10. b4 axb4 11. axb4 Qd7 12. b5 Nd8 13. Re1 Bh3 14. Bh1 h6 15. Bd2
Ng4 16. e4 Ne6 17. Nd5 f5 18. Nh4 fxe4 19. Nxg6 Rxf2 20. Nde7+ Kh7 21. Bxe4 Nc5
22. Nf8+ Kh8 23. Neg6+ Kg8 24. Bd5+ 1-0

[Event "3rd Memory of Nebesna Sotnya-2016 B"]
[Site "Lutsk, Volyn region"]
[Date "2016.02.19"]
[Round "3.3"]
[White "Mukha, Nikolay"]
[Black "Budnikov, Oleg"]
[Result "0-1"]
[WhiteElo "2153"]
[BlackElo "2509"]
[PlyCount "100"]
[EventDate "2016.02.19"]
[EventType "swiss (blitz)"]
[EventRounds "22"]
[EventCountry "UKR"]

1. d4 g6 2. c4 Bg7 3. Nc3 d6 4. e4 Nf6 5. Nf3 O-O 6. Be2 Bg4 7. O-O Nfd7 8. Be3
Nc6 9. Rc1 Bxf3 10. Bxf3 e5 11. d5 Nd4 12. Nb5 Nxf3+ 13. Qxf3 f5 14. exf5 gxf5
15. Qe2 a6 16. Nc3 Qf6 17. Qh5 Rae8 18. Bg5 Qg6 19. Qxg6 hxg6 20. f3 Nc5 21.
Rfd1 e4 22. fxe4 fxe4 23. Be3 Nd3 24. Rc2 b6 25. a3 Nxb2 26. Rxb2 Bxc3 27. Re2
Rf5 28. h3 Bg7 29. Bd4 b5 30. Bxg7 Kxg7 31. cxb5 axb5 32. Rb2 e3 33. Rxb5 Rf4
34. Rb4 Rf7 35. Re1 Rf5 36. Rb3 e2 37. Rb2 Rxd5 38. Rbxe2 Rxe2 39. Rxe2 Kf6 40.
a4 Rd1+ 41. Kf2 Ra1 42. Re4 d5 43. Rd4 Ke5 44. Rg4 c5 45. Rxg6 c4 46. Rg8 d4
47. Re8+ Kd5 48. h4 c3 49. h5 c2 50. Rd8+ Ke4 0-1

[Event "3rd Memory of Nebesna Sotnya-2016 B"]
[Site "Lutsk, Volyn region"]
[Date "2016.02.19"]
[Round "3.4"]
[White "Zubarev, Alexander"]
[Black "Dzupin, Dmitry"]
[Result "0-1"]
[WhiteElo "2470"]
[BlackElo "2150"]
[PlyCount "24"]
[EventDate "2016.02.19"]
[EventType "swiss (blitz)"]
[EventRounds "22"]
[EventCountry "UKR"]

1. c4 e5 2. g3 Nf6 3. Bg2 d5 4. cxd5 Nxd5 5. Nc3 Nb6 6. d3 Be7 7. Nf3 Nc6 8.
O-O O-O 9. a3 a5 10. Be3 Re8 11. Rc1 Bf8 12. Nb5 Bg4 0-1

[Event "3rd Memory of Nebesna Sotnya-2016 B"]
[Site "Lutsk, Volyn region"]
[Date "2016.02.19"]
[Round "3.5"]
[White "Troshchenko, Pavel"]
[Black "Klymchuk, Andriy"]
[Result "0-1"]
[WhiteElo "2148"]
[BlackElo "2468"]
[PlyCount "96"]
[EventDate "2016.02.19"]
[EventType "swiss (blitz)"]
[EventRounds "22"]
[EventCountry "UKR"]

1. e4 c5 2. Nf3 Nc6 3. d4 cxd4 4. Nxd4 g6 5. Nc3 Bg7 6. Be3 Nf6 7. Bc4 O-O 8.
Bb3 Qa5 9. O-O d6 10. h3 Bd7 11. f4 Nxd4 12. Bxd4 Bc6 13. Qd3 Rad8 14. Rad1 Nd7
15. Bxg7 Kxg7 16. Qe3 Qc5 17. Qxc5 Nxc5 18. Bd5 Rc8 19. Rfe1 Rfe8 20. Kf2 a6
21. Kf3 b5 22. Bxc6 Rxc6 23. Re2 Rec8 24. Nd5 Kf8 25. Nb4 R6c7 26. Nd5 Rb7 27.
c3 a5 28. e5 dxe5 29. Rxe5 Rd8 30. Ke2 Rbd7 31. Ne3 Nd3 32. Rxb5 Nxf4+ 33. Kf3
Nd3 34. b3 f5 35. g3 e5 36. Rxa5 e4+ 37. Ke2 f4 38. gxf4 Nxf4+ 39. Ke1 Rd3 40.
Rxd3 Rxd3 41. Nd1 e3 42. Re5 e2 43. Nb2 Rxh3 44. Re4 Rh1+ 45. Kd2 g5 46. Nd3
Rd1+ 47. Kc2 Rxd3 48. Rxf4+ gxf4 0-1

[Event "3rd Memory of Nebesna Sotnya-2016 B"]
[Site "Lutsk, Volyn region"]
[Date "2016.02.19"]
[Round "3.6"]
[White "Razin, Vadim"]
[Black "Vasina, Olena"]
[Result "1-0"]
[WhiteElo "2461"]
[BlackElo "2146"]
[PlyCount "100"]
[EventDate "2016.02.19"]
[EventType "swiss (blitz)"]
[EventRounds "22"]
[EventCountry "UKR"]

1. d4 Nf6 2. Nf3 d5 3. c4 c6 4. Nc3 dxc4 5. a4 Bf5 6. e3 Nbd7 7. Bxc4 Nb6 8.
Bb3 a5 9. e4 Bg6 10. O-O e6 11. Qe2 Be7 12. Rd1 O-O 13. Ne5 Nfd7 14. Nxg6 hxg6
15. Be3 Bb4 16. Rd3 Qh4 17. Bd2 Qh5 18. Qe1 g5 19. Rg3 Be7 20. Bd1 Qg6 21. h4
e5 22. Bxg5 Bxg5 23. Rxg5 Qh6 24. dxe5 Rae8 25. f4 f6 26. exf6 Nxf6 27. e5 Nfd5
28. Nxd5 Nxd5 29. g3 Qe6 30. Bb3 Rf5 31. Qe4 Rxg5 32. hxg5 Qh3 33. Qg2 Qg4 34.
Bxd5+ cxd5 35. Qxd5+ Kh8 36. Qh1+ Kg8 37. Qd5+ Kh8 38. Kh2 Qh5+ 39. Kg1 Qg4 40.
Qg2 Rd8 41. Kh2 Kg8 42. Rf1 Qh5+ 43. Kg1 Rd3 44. e6 Qg4 45. Kh2 Qh5+ 46. Kg1
Qg4 47. e7 Kf7 48. e8=Q+ Kxe8 49. Qe4+ Kf8 50. Qxd3 Ke8 1-0

[Event "3rd Memory of Nebesna Sotnya-2016 B"]
[Site "Lutsk, Volyn region"]
[Date "2016.02.19"]
[Round "3.7"]
[White "Mikhaletz, Lubomir"]
[Black "Muha, Sergey"]
[Result "1-0"]
[WhiteElo "2439"]
[BlackElo "2135"]
[PlyCount "43"]
[EventDate "2016.02.19"]
[EventType "swiss (blitz)"]
[EventRounds "22"]
[EventCountry "UKR"]

1. e4 e5 2. f4 exf4 3. Bc4 d5 4. Bxd5 Nf6 5. Nc3 Bb4 6. Nf3 Bxc3 7. dxc3 c6 8.
Bc4 Qxd1+ 9. Kxd1 O-O 10. Re1 Nh5 11. Ke2 Bg4 12. Kf2 Nd7 13. b3 b5 14. Bd3
Bxf3 15. gxf3 Ne5 16. a4 Rfd8 17. Bf1 a6 18. axb5 axb5 19. Rxa8 Rxa8 20. Bb2
Ra2 21. Ra1 f6 22. Rxa2 1-0

[Event "3rd Memory of Nebesna Sotnya-2016 B"]
[Site "Lutsk, Volyn region"]
[Date "2016.02.19"]
[Round "3.8"]
[White "Basko, Bogdan"]
[Black "Omelja, Artem"]
[Result "0-1"]
[WhiteElo "2134"]
[BlackElo "2433"]
[PlyCount "96"]
[EventDate "2016.02.19"]
[EventType "swiss (blitz)"]
[EventRounds "22"]
[EventCountry "UKR"]

1. d4 f5 2. Nf3 Nf6 3. c4 g6 4. b4 Bg7 5. Bb2 O-O 6. Nbd2 d5 7. e3 e6 8. Be2
Ne4 9. O-O Nd7 10. Rc1 c6 11. Qb3 a5 12. a3 axb4 13. axb4 Nb6 14. b5 Bd7 15.
bxc6 Bxc6 16. Ba3 Re8 17. Bc5 Na4 18. Bb4 Qb6 19. c5 Qc7 20. Nxe4 fxe4 21. Nd2
h6 22. f3 exf3 23. Nxf3 Rf8 24. Bd3 g5 25. Bd2 Kh8 26. Bc2 Bf6 27. Qd3 Nb2 28.
Qg6 Qg7 29. Qxg7+ Kxg7 30. Bb3 Ra3 31. Bc2 Nc4 32. Rce1 g4 33. Bb4 Ra2 34. Bb3
Rb2 35. Bxc4 dxc4 36. Bc3 Rc2 37. d5 Bxd5 38. Bxf6+ Rxf6 39. Nh4 c3 40. Rxf6
Kxf6 41. e4 Bc6 42. g3 Ke5 43. Ng2 h5 44. Ne3 Ra2 45. Rc1 Kd4 46. Nc2+ Kxc5 47.
Kf2 Bxe4 48. Ke3 Bxc2 0-1

[Event "3rd Memory of Nebesna Sotnya-2016 B"]
[Site "Lutsk, Volyn region"]
[Date "2016.02.19"]
[Round "4.1"]
[White "Kuzubov, Yuriy"]
[Black "Borsos, Bogdan"]
[Result "1-0"]
[WhiteElo "2712"]
[BlackElo "2174"]
[PlyCount "59"]
[EventDate "2016.02.19"]
[EventType "swiss (blitz)"]
[EventRounds "22"]
[EventCountry "UKR"]

1. d4 d5 2. c4 e6 3. Nc3 c5 4. e3 Nf6 5. Nf3 Nc6 6. cxd5 exd5 7. Bb5 Bd6 8.
dxc5 Bxc5 9. Nd4 Qd6 10. O-O O-O 11. Be2 a6 12. b3 Nxd4 13. exd4 Bb4 14. Bb2
Ne4 15. Rc1 Nxc3 16. Bxc3 Ba3 17. Rc2 Bf5 18. Bd3 Qg6 19. Bxf5 Qxf5 20. Re2
Rac8 21. Re3 Rfe8 22. Rfe1 Re6 23. Rxe6 fxe6 24. Re3 b5 25. g4 Qf4 26. Qe2 b4
27. Bd2 Rc2 28. Rxe6 Rxd2 29. Re8+ Kf7 30. Qe6# 1-0

[Event "3rd Memory of Nebesna Sotnya-2016 B"]
[Site "Lutsk, Volyn region"]
[Date "2016.02.19"]
[Round "4.2"]
[White "Terletsky, Oleg"]
[Black "Bortnyk, Mykola"]
[Result "0-1"]
[WhiteElo "2160"]
[BlackElo "2665"]
[PlyCount "39"]
[EventDate "2016.02.19"]
[EventType "swiss (blitz)"]
[EventRounds "22"]
[EventCountry "UKR"]

1. e4 Nf6 2. Nc3 d5 3. e5 Nfd7 4. Nxd5 Nxe5 5. Ne3 Nbc6 6. b3 Ng6 7. Bb2 e5 8.
Bc4 Bd6 9. Nf3 O-O 10. h4 h6 11. h5 Nf4 12. g3 Ne6 13. Nf5 Re8 14. Kf1 e4 15.
N3h4 Be5 16. Bxe5 Nxe5 17. Qe2 Ng5 18. Kg2 Qf6 19. g4 Nef3 20. Qe3 0-1

[Event "3rd Memory of Nebesna Sotnya-2016 B"]
[Site "Lutsk, Volyn region"]
[Date "2016.02.19"]
[Round "4.3"]
[White "Budnikov, Oleg"]
[Black "Mukha, Nikolay"]
[Result "1-0"]
[WhiteElo "2509"]
[BlackElo "2153"]
[PlyCount "66"]
[EventDate "2016.02.19"]
[EventType "swiss (blitz)"]
[EventRounds "22"]
[EventCountry "UKR"]

1. c4 e5 2. e3 g6 3. Nc3 Bg7 4. Nf3 Nc6 5. d4 d6 6. Be2 exd4 7. exd4 Nf6 8. d5
Ne7 9. O-O O-O 10. h3 Re8 11. Bd3 Bf5 12. Nd4 Bxd3 13. Qxd3 Nd7 14. Nf3 Nf5 15.
Bg5 Bf6 16. Bxf6 Qxf6 17. Nb5 Nc5 18. Qa3 Re7 19. Rfe1 a6 20. Rxe7 Qxe7 21. Re1
Qd8 22. Nbd4 Nxd4 23. Nxd4 Qf8 24. Qe3 Rc8 25. b3 Qg7 26. Nf3 Qf6 27. b4 Nd7
28. Qa7 Rb8 29. c5 Qd8 30. cxd6 cxd6 31. Qd4 Rc8 32. a4 Qb6 33. Qh4 Qd8 1-0

[Event "3rd Memory of Nebesna Sotnya-2016 B"]
[Site "Lutsk, Volyn region"]
[Date "2016.02.19"]
[Round "4.4"]
[White "Dzupin, Dmitry"]
[Black "Zubarev, Alexander"]
[Result "0-1"]
[WhiteElo "2150"]
[BlackElo "2470"]
[PlyCount "42"]
[EventDate "2016.02.19"]
[EventType "swiss (blitz)"]
[EventRounds "22"]
[EventCountry "UKR"]

1. d4 Nf6 2. Nf3 g6 3. Bf4 d6 4. h3 c5 5. e3 Qb6 6. Qc1 Bg7 7. c3 O-O 8. Nbd2
Be6 9. Bc4 Bxc4 10. Nxc4 Qa6 11. Ncd2 Nc6 12. Qd1 cxd4 13. exd4 e5 14. dxe5
dxe5 15. Be3 Nd5 16. Qe2 Nxe3 17. fxe3 Qb6 18. Nc4 Qc5 19. O-O-O e4 20. Nd4
Rac8 21. Kb1 Nxd4 0-1

[Event "3rd Memory of Nebesna Sotnya-2016 B"]
[Site "Lutsk, Volyn region"]
[Date "2016.02.19"]
[Round "4.5"]
[White "Klymchuk, Andriy"]
[Black "Troshchenko, Pavel"]
[Result "1-0"]
[WhiteElo "2468"]
[BlackElo "2148"]
[PlyCount "99"]
[EventDate "2016.02.19"]
[EventType "swiss (blitz)"]
[EventRounds "22"]
[EventCountry "UKR"]

1. g3 Nf6 2. Bg2 d5 3. Nf3 g6 4. O-O Bg7 5. d3 O-O 6. Nbd2 c5 7. e4 Nc6 8. Re1
e5 9. exd5 Nxd5 10. c3 Be6 11. Nc4 f6 12. a4 Re8 13. Qb3 Qc7 14. h4 Rad8 15. a5
b5 16. Qxb5 Nde7 17. Qxc5 Rxd3 18. h5 Nf5 19. Nfxe5 fxe5 20. Qxc6 Qf7 21. hxg6
hxg6 22. Nxe5 Bxe5 23. Rxe5 Rd1+ 24. Bf1 Nxg3 25. Bf4 Rxa1 26. Bxg3 Bh3 27.
Qxe8+ Qxe8 28. Rxe8+ Kf7 29. Ra8 Bxf1 30. Rxa7+ Kf6 31. f3 Kf5 32. Kf2 Bc4 33.
b4 Ra2+ 34. Ke3 Ke6 35. Kd4 Be2 36. Rb7 Bxf3 37. Rb6+ Kf5 38. a6 Be2 39. b5 Ra5
40. c4 Ra4 41. Rc6 g5 42. Bb8 g4 43. Rc8 Ra3 44. a7 Bf3 45. Rg8 Bb7 46. Kc5 Ra2
47. Kb6 Be4 48. c5 Ra3 49. c6 Ke6 50. Bc7 1-0

[Event "3rd Memory of Nebesna Sotnya-2016 B"]
[Site "Lutsk, Volyn region"]
[Date "2016.02.19"]
[Round "4.6"]
[White "Vasina, Olena"]
[Black "Razin, Vadim"]
[Result "0-1"]
[WhiteElo "2146"]
[BlackElo "2461"]
[PlyCount "76"]
[EventDate "2016.02.19"]
[EventType "swiss (blitz)"]
[EventRounds "22"]
[EventCountry "UKR"]

1. c4 e6 2. Nc3 d5 3. cxd5 exd5 4. d4 c6 5. Nf3 Bd6 6. g3 Nf6 7. Bg2 O-O 8. O-O
Bf5 9. Bg5 h6 10. Bd2 Nbd7 11. a4 a5 12. Nh4 Bh7 13. Nf3 Re8 14. e3 Nf8 15. Re1
Ne6 16. Qb3 Re7 17. Ne5 Nc5 18. dxc5 Bxe5 19. Rad1 Qc8 20. h3 h5 21. f4 Bc7 22.
Re2 h4 23. Be1 hxg3 24. Bxg3 Bf5 25. Kh2 Qe8 26. Rde1 Qd7 27. Qd1 Rae8 28. Qd2
Nh5 29. Bh4 Re6 30. Bf3 Nf6 31. Bg3 Qe7 32. Bg2 Nh5 33. Bf2 g5 34. Rg1 Nxf4 35.
Kh1 Nxe2 36. Qxe2 Rh6 37. Qf3 Qe6 38. h4 Qe5 0-1

[Event "3rd Memory of Nebesna Sotnya-2016 B"]
[Site "Lutsk, Volyn region"]
[Date "2016.02.19"]
[Round "4.8"]
[White "Omelja, Artem"]
[Black "Basko, Bogdan"]
[Result "1-0"]
[WhiteElo "2433"]
[BlackElo "2134"]
[PlyCount "50"]
[EventDate "2016.02.19"]
[EventType "swiss (blitz)"]
[EventRounds "22"]
[EventCountry "UKR"]

1. d4 Nf6 2. c4 c5 3. d5 e5 4. Nc3 d6 5. e4 Be7 6. g3 O-O 7. Bg2 Nbd7 8. Nge2
Ne8 9. O-O g6 10. Bh6 Ng7 11. Qd2 Nf6 12. h3 Kh8 13. Be3 Ng8 14. f4 f5 15. fxe5
dxe5 16. Nc1 b6 17. Nd3 Bd6 18. Rae1 Nf6 19. Bg5 Ngh5 20. exf5 Nxg3 21. fxg6
Nxf1 22. Rxf1 Be7 23. Nxe5 Qe8 24. d6 Bd8 25. Nf7+ Kg7 1-0

[Event "3rd Memory of Nebesna Sotnya-2016 B"]
[Site "Lutsk, Volyn region"]
[Date "2016.02.19"]
[Round "5.1"]
[White "Ianov, Viktor"]
[Black "Bortnyk, Mykola"]
[Result "0-1"]
[WhiteElo "2382"]
[BlackElo "2665"]
[PlyCount "60"]
[EventDate "2016.02.19"]
[EventType "swiss (blitz)"]
[EventRounds "22"]
[EventCountry "UKR"]

1. Nf3 Nf6 2. g3 g6 3. b3 Bg7 4. Bb2 O-O 5. Bg2 d6 6. c4 e5 7. Nc3 Nc6 8. O-O
Re8 9. d3 Bg4 10. h3 Be6 11. Ng5 Bd7 12. e4 Nd4 13. Nf3 c5 14. Nxd4 cxd4 15.
Ne2 b5 16. Rc1 Qa5 17. a3 Rac8 18. b4 Qb6 19. Kh2 bxc4 20. dxc4 Be6 21. Qd3 Qa6
22. b5 Qa4 23. f4 Bxc4 24. Qd2 Qxb5 25. Rf2 exf4 26. Nxd4 fxg3+ 27. Kh1 Qb6 28.
Rf4 Bh6 29. Nf5 Bxf4 30. Qxf4 Qxb2 0-1

[Event "3rd Memory of Nebesna Sotnya-2016 B"]
[Site "Lutsk, Volyn region"]
[Date "2016.02.19"]
[Round "5.2"]
[White "Budnikov, Oleg"]
[Black "Mikhalsky, Vladimir"]
[Result "1/2-1/2"]
[WhiteElo "2509"]
[BlackElo "2363"]
[PlyCount "61"]
[EventDate "2016.02.19"]
[EventType "swiss (blitz)"]
[EventRounds "22"]
[EventCountry "UKR"]

1. c4 c5 2. Nf3 Nf6 3. Nc3 d5 4. cxd5 Nxd5 5. g3 Nc7 6. Bg2 Nc6 7. Qa4 Bd7 8.
Qe4 g6 9. Ne5 Bg7 10. Nxd7 Qxd7 11. O-O O-O 12. a3 Rab8 13. Rd1 Nd4 14. e3 Nb3
15. Rb1 b5 16. d4 cxd4 17. exd4 Nxd4 18. Bf4 Rbd8 19. Bxc7 Qxc7 20. Nd5 Qe5 21.
Nxe7+ Kh8 22. Qxe5 Bxe5 23. Kf1 f5 24. f4 Bg7 25. Rbc1 Nb3 26. Rxd8 Rxd8 27.
Rc8 Rxc8 28. Nxc8 a5 29. Nd6 b4 30. axb4 axb4 31. Nc4 1/2-1/2

[Event "3rd Memory of Nebesna Sotnya-2016 B"]
[Site "Lutsk, Volyn region"]
[Date "2016.02.19"]
[Round "5.3"]
[White "Klymchuk, Andriy"]
[Black "Reprintsev, Alexander"]
[Result "0-1"]
[WhiteElo "2468"]
[BlackElo "2356"]
[PlyCount "92"]
[EventDate "2016.02.19"]
[EventType "swiss (blitz)"]
[EventRounds "22"]
[EventCountry "UKR"]

1. g3 d5 2. Bg2 Nc6 3. d3 Bg4 4. Nf3 Qd7 5. h3 Bxf3 6. Bxf3 f5 7. O-O O-O-O 8.
Bg2 h5 9. h4 Nf6 10. Bg5 e6 11. Nd2 Be7 12. c4 Ng4 13. cxd5 exd5 14. Nf3 Rhe8
15. Bxe7 Qxe7 16. e3 d4 17. exd4 Nxd4 18. Qa4 Ne2+ 19. Kh1 Qc5 20. d4 Nxd4 21.
Rac1 Qb6 22. Nxd4 Qxd4 23. Rc4 Qb6 24. Rb4 Qa6 25. Bxb7+ Qxb7+ 26. Rxb7 Kxb7
27. Kg2 Re5 28. Rc1 Rd6 29. Qc4 c6 30. Qf7+ Kb6 31. Rc2 g6 32. Qf8 Rd7 33. Qb8+
Rb7 34. Qd8+ Rc7 35. Qd4+ Kb7 36. Qb4+ Rb5 37. Qc3 Rb6 38. Re2 c5 39. Re8 c4
40. a4 a6 41. Qh8 Rd6 42. Rb8+ Kc6 43. Qe8+ Rcd7 44. a5 Kc5 45. f3 Rd2+ 46. Kf1
Rd1+ 0-1